000 00585nam a22001937a 4500
003 NUST
005 20230913115254.0
008 190806b ||||| |||| 00| 0 eng d
038 _aMr. Noman
082 _a658.4
100 _aRaashid, Saqib
_919131
245 _aUnderstanding telecom infrastructure sharing and formation of a joint venture tower company in Pakistan
_cSaqib Raashid.
260 _aIslamabad:
_bNBS - Nust,
_c2013.
300 _a68 p.: ill.;
_c30cm.
500 _aHardcover.
650 _aEMBA Thesis.
_917645
700 _aUmar Ahmad.
_919104
942 _2ddc
_cTHE
999 _c527723
_d527723